Edificando la ciudad (Record no. 37033)

MARC details
000 -LEADER
campo de control de longitud fija 00679nam a2200205 i 4500
001 - NÚMERO DE CONTROL
campo de control 37033
003 - IDENTIFICADOR DE NÚMERO DE CONTROL
campo de control ES-MaACL
005 - FECHA Y HORA DE LA ÚLTIMA TRANSACCIÓN
campo de control 20250808015940.0
007 - CAMPO FIJO DE DESCRIPCIÓN FÍSICA--INFORMACIÓN GENERAL
campo de control de longitud fija t|
008 - DATOS DE LONGITUD FIJA--INFORMACIÓN GENERAL
campo de control de longitud fija 030220s1968 sp ||||1| spa d
100 1# - ENTRADA PRINCIPAL--NOMBRE DE PERSONA
Nombre de persona Brungs, Robert A.
9 (RLIN) 32176
245 10 - MENCIÓN DEL TÍTULO
Título Edificando la ciudad
Resto del título : respuesta cristiana y responsabilidad /
Mención de responsabilidad, etc. por Robert A. Brungs ; [traducido por Carlos Pérez Ruales].
260 ## - PUBLICACIÓN, DISTRIBUCIÓN, ETC.
Lugar de publicación, distribución, etc. Santander :
Nombre del editor, distribuidor, etc. Sal Terrae,
Fecha de publicación, distribución, etc. [1968]
300 ## - DESCRIPCIÓN FÍSICA
Extensión 214 p. ;
Dimensiones 22 cm.
490 1# - MENCIÓN DE SERIE
Mención de serie Espíritu y vida ;
Designación de volumen o secuencia 14
700 1# - ENTRADA AGREGADA--NOMBRE PERSONAL
Nombre de persona Pérez Ruales, Carlos.
9 (RLIN) 91126
830 00 - PUNTO DE ACCESO ADICIONAL DE SERIE-TÍTULO UNIFORME
Título uniforme Espíritu y vida
Designación de volumen o secuencia 14
9 (RLIN) 181679
852 ## - LOCALIZACIÓN
Ubicación ES-MaACL
Número de control de estantería C-47843
Sublocalización o colección R.67504
Holdings
Estatus retirado Estado de pérdida Estado de daño No para préstamo Biblioteca de origen Biblioteca actual Ubicación en estantería Fecha de adquisición Fuente de adquisición Total de préstamos Signatura topográfica completa Código de barras Visto por última vez Precio de reemplazo Tipo de ítem Koha
        Biblioteca del Ateneo de Madrid Biblioteca del Ateneo de Madrid Depósito 2 17/01/2008     C-47843 1038962 23/02/2023 23/02/2023 Libro impreso